Loading...
| Science - Chemistry | 4 | 3 | 1 | 0 | 85 | 35 | 62.00 | 4 | 7 |
| Science - Biology | 4 | 2 | 1 | 2 | 75 | 38 | 78.67 | 5 | 6 |
| History - World History | 0 | 5 | 0 | 0 | 50 | 81 | 118.60 | 0 | 5 |
| Science - Physics | 1 | 4 | 2 | 0 | 45 | 46 | 89.80 | 3 | 5 |
| Fine Arts - Other Fine Arts | 0 | 5 | 1 | 1 | 45 | 86 | 97.20 | 2 | 5 |
| Fine Arts - Visual Fine Arts | 0 | 4 | 0 | 1 | 40 | 93 | 120.75 | 0 | 4 |
| Literature - World Literature | 0 | 3 | 0 | 0 | 30 | 127 | 134.33 | 0 | 3 |
| Literature - British Literature | 0 | 2 | 0 | 0 | 20 | 100 | 118.00 | 0 | 2 |
| History - American History | 0 | 2 | 0 | 0 | 20 | 111 | 114.50 | 1 | 2 |
| Literature - American Literature | 0 | 2 | 0 | 0 | 20 | 120 | 128.00 | 0 | 2 |
| Social Science | 0 | 2 | 1 | 1 | 15 | 123 | 129.50 | 0 | 2 |
| Science - Other Science | 0 | 2 | 1 | 0 | 15 | 105 | 111.50 | 0 | 2 |
| History - European History | 0 | 1 | 0 | 0 | 10 | 104 | 104.00 | 0 | 1 |
| Other Academic | 0 | 1 | 0 | 0 | 10 | 67 | 67.00 | 1 | 1 |
| Philosophy | 0 | 1 | 0 | 0 | 10 | 119 | 119.00 | 0 | 1 |
| Religion | 0 | 1 | 0 | 0 | 10 | 125 | 125.00 | 0 | 1 |
| Literature - European Literature | 0 | 1 | 1 | 0 | 5 | 115 | 115.00 | 0 | 1 |
| History - Other History | 0 | 1 | 1 | 0 | 5 | 74 | 74.00 | 0 | 1 |
| Geography | 0 | 0 | 0 | 0 | 0 | 0.00 | 0 | 0 | |
| Current Events | 0 | 0 | 1 | 0 | -5 | 0.00 | 0 | 0 |